000 00301nam a2200121Ia 4500
003 GCL
008 140319s9999 xx 000 0 eng d
040 _aGCL /
_cGCL
082 0 4 _a440
_bC L
245 1 0 _aLA LANGUE FRANCAISE ET LES EGYPTIEN
260 _a[S.N] :
_bJEAN-BAPTISTE ،
_c1992
300 _a566 P
999 _c19708
_d19708